000 00557nam a2200145Ia 4500
008 100122s9999 xx 000 0 und d
082 _b14299
_a823
100 _aशिंदे शांताराम रामचंद्र
245 _aभ्रमरासी चारा सुगंधाचा
260 _bसाधना प्रकाशन
_c1963
300 _a118
630 _aभ्रमरासी चारा सुगंधाचा
730 _aभ्रमरासी चारा सुगंधाचा
942 _cBOOK
999 _c404863
_d404860